00383 a2200145 4500003000400000005001700004008004100021020001800062040000900080082001500089100002400104245006000128260004000188300000900228OSt20231107141012.0231107b |||||||| |||| 00| 0 eng d a9789391938192 coclc a297bMAN/Q aMangad, Abdurahiman aQuran Paribhashakal Vyakhyanangal /cAbdurahiman Mangad aKerala:bYuvatha book house,c2021. a118p